000 00891cam a22001934a 4500
005 20250605164359.0
008 250528s ||||||||||||||||||||||||d
035 _a24518
040 _aGR-AtMCL
_bgre
_dGR-AtMCL
_eAACR2
245 1 _aΗ Αμεσότητα του SMS στην Υπηρεσία του Πλέον Απαιτητικού Mobile Marketing
260 _c2014
300 _a26
520 _aΤεχνολογία και Απλότητα και Storytelling, Τα 4 'P' Έφυγαν και Καλώς Ήρθαν τα 4 'I' που Είναι 5, Το PPN Λανσάρουν 24 Media και DPG και Olive Media και Adweb, Η Ερμηνεία Ενός Μετέωρου, Συνεργασία ANTS Production με Σκάι.
700 1 _aΚορδελάς Δημήτρης
_99464
942 _cCR
710 2 _aThe Marketing Week
_99825
999 _c9395
_d9395